书目信息 |
| 题名: |
旅游产业发展论
|
|
| 作者: | 殷理田 著 | |
| 分册: | ||
| 出版信息: | 北京 人民出版社 2000.07 |
|
| 页数: | 350页 | |
| 开本: | 32开 | |
| 丛书名: | ||
| 单 册: | ||
| 中图分类: | F590.3 | |
| 科图分类: | ||
| 主题词: | 旅游业--经济发展--研究 | |
| 电子资源: | ||
| ISBN: | 7-01-003171-1 | |
| 000 | 00558nam0 2200193 45 | |
| 001 | 0204221586 | |
| 005 | 20031219104054.9 | |
| 010 | @a7-01-003171-1@b精装@dCNY20.00 | |
| 100 | @a20020422d2000 km y0chiy0120 ea | |
| 101 | 0 | @achi |
| 105 | @ac z 000yy | |
| 200 | 1 | @a旅游产业发展论@ALu You Chan Ye Fa Zhan Lun@f殷理田著@FYin Li Tian Zhu |
| 210 | @a北京@c人民出版社@d2000.07 | |
| 215 | @a350页@c肖像@d32开 | |
| 606 | 0 | @a旅游业@x经济发展@x研究 |
| 690 | @aF590.3@v4 | |
| 701 | @a殷理田@4著 | |
| 801 | @aCN@bTSTC@c20020422 | |
| 905 | @b308809-813@dF590.3@e20@f5 | |
| 旅游产业发展论/殷理田著.-北京:人民出版社,2000.07 |
| 350页:肖像;32开 |
| ISBN 7-01-003171-1(精装):CNY20.00 |
| ● |
| 相关链接 |
|
|
|
|
正题名:旅游产业发展论
索取号:F590.3/20
 
预约/预借
| 序号 | 登录号 | 条形码 | 馆藏地/架位号 | 状态 | 备注 |
| 1 | 0308809 | 203088096 | 第一借阅区/ [索取号:F590.3/20] | 在馆 | |
| 2 | 0308810 | 203088103 | 第一借阅区/ [索取号:F590.3/20] | 在馆 | |
| 3 | 0308811 | 203088112 | 第一借阅区/ [索取号:F590.3/20] | 在馆 | |
| 4 | 0308812 | 203088121 | 第一借阅区/ [索取号:F590.3/20] | 在馆 | |
| 5 | 0308813 | 203088130 | 第一样本阅览室/ [索取号:F590.3/20] | 在馆 |